Management risk is critical to success of government projects (Record no. 71242)
[ view plain ]
| 000 -LEADER | |
|---|---|
| fixed length control field | 01089cam a2200205 4500 |
| 001 - CONTROL NUMBER | |
| control field | WB3835-17 |
| 008 - FIXED-LENGTH DATA ELEMENTS--GENERAL INFORMATION | |
| fixed length control field | 020926n2002 000 0 eng u |
| 035 ## - SYSTEM CONTROL NUMBER | |
| System control number | (Sirsi) u119865 |
| 245 ## - TITLE STATEMENT | |
| Title | Management risk is critical to success of government projects |
| 260 ## - PUBLICATION, DISTRIBUTION, ETC. | |
| Date of publication, distribution, etc. | 2002 |
| 490 ## - SERIES STATEMENT | |
| Series statement | RICS Project Management Faculty News |
| Volume/sequential designation | 26 September 2002, (1) |
| 520 ## - SUMMARY, ETC. | |
| Summary, etc. | Recent policy guidance, from the OGC, 'Management of Risk: Guidance for Practitioners' has emphasised the need for improved risk management in public sector procurement to ensure that government projects are delivered on time and to budget. The guidance draws upon experience from a variety of experts form the public and private sectors.For the RICS Project Management News: http://www.rics.org/ricscms/bin/show?class=News&template=/includes/shownews.html&id=3744&faculty=Project%20Management&faculty=All%20Faculties |
| 590 ## - LOCAL NOTE (RLIN) | |
| Local note | WB |
| 650 ## - SUBJECT ADDED ENTRY--TOPICAL TERM | |
| Topical term or geographic name entry element | OFFICE OF GOVERNMENT COMMERCE |
| 650 ## - SUBJECT ADDED ENTRY--TOPICAL TERM | |
| Topical term or geographic name entry element | RISK MANAGEMENT |
| 650 ## - SUBJECT ADDED ENTRY--TOPICAL TERM | |
| Topical term or geographic name entry element | PUBLIC SECTOR |
| 650 ## - SUBJECT ADDED ENTRY--TOPICAL TERM | |
| Topical term or geographic name entry element | PRIVATE SECTOR |
| 690 ## - LOCAL SUBJECT ADDED ENTRY--TOPICAL TERM (OCLC, RLIN) | |
| Topical term or geographic name as entry element | Project management |
| 9 (RLIN) | 6261 |
| 942 ## - ADDED ENTRY ELEMENTS (KOHA) | |
| Suppress in OPAC | 0 |
| Withdrawn status | Lost status | Source of classification or shelving scheme | Damaged status | Not for loan | Home library | Current library | Shelving location | Date acquired | Total Checkouts | Full call number | Barcode | Date last seen | Copy number | Price effective from | Koha item type |
|---|---|---|---|---|---|---|---|---|---|---|---|---|---|---|---|
| Dewey Decimal Classification | London | London | News article | 26/09/2002 | WB3835-17 | 119865-1001 | 06/08/2019 | 1 | 06/08/2019 | News article |